Population Order (top 75) Quiz Stats

 Plays Quiz not verified by Sporcle

Support Sporcle.
Go Orange.
Score 0/75 Timer 12:00
0 Plays Today
Hint Answer % Correct
China
100%
India
97.8%
Russia
97.8%
USA
96.8%
United Kingdom
96.8%
Brazil
95.7%
Mexico
95.7%
Germany
95.7%
France
95.7%
Italy
95.7%
Indonesia
94.6%
Japan
94.6%
Spain
94.6%
Pakistan
93.5%
Iran
93.5%
Thailand
92.5%
Ukraine
92.5%
Argentina
92.5%
Iraq
92.5%
Chile
92.5%
Egypt
91.4%
South Korea
91.4%
Poland
91.4%
Peru
91.4%
Turkey
90.3%
Colombia
90.3%
Canada
90.3%
Saudi Arabia
90.3%
Australia
90.3%
Nigeria
89.2%
South Africa
89.2%
Malaysia
89.2%
Romania
89.2%
Niger
89.2%
Bangladesh
88.2%
Vietnam
88.2%
North Korea
88.2%
Democratic Republic of the Congo
87.1%
Hint Answer % Correct
Kenya
87.1%
Sudan
87.1%
Ethiopia
86%
Philippines
84.9%
Venezuela
84.9%
Syria
84.9%
Ghana
83.9%
Myanmar
82.8%
Algeria
82.8%
Uganda
82.8%
Morocco
82.8%
Afghanistan
81.7%
Netherlands
81.7%
Zambia
81.7%
Tanzania
80.6%
Yemen
80.6%
Kazakhstan
80.6%
Zimbabwe
80.6%
Nepal
79.6%
Ecuador
79.6%
Uzbekistan
78.5%
Cameroon
78.5%
Angola
78.5%
Mozambique
77.4%
Cambodia
77.4%
Madagascar
76.3%
Mali
76.3%
Senegal
76.3%
Taiwan
75.3%
Guatemala
72%
Burkina Faso
71%
South Sudan
71%
Sri Lanka
69.9%
Cote D'Ivoire
63.4%
Guinea
63.4%
Rwanda
62.4%
Malawi
55.9%

You're not logged in!

Compare scores with friends on all Sporcle quizzes.
OR
Log In
Forgot?

From the Vault

50 Flicks to Click (1980)

by MSUKent

The 1980s gave us some great music and movies. We wish would could say the same about the fashion choices.
Remove Ads.
Support Sporcle.
Get the best of Sporcle when you Go Orange. This ad-free experience offers more features, more stats, and more fun while also helping to support Sporcle. Thank you for becoming a member.

Show Comments

Extras

Created Feb 5, 2016ReportNominate
Tags:Population Quiz, Order

Top Quizzes Today


Score Distribution

Your Account Isn't Verified!

In order to create a playlist on Sporcle, you need to verify the email address you used during registration. Go to your Sporcle Settings to finish the process.

Report this User

Report this user for behavior that violates our Community Guidelines.

Details: